Normal view MARC view
  • Guha Ramchandra

Entry Personal Name

Number of records used in: 1

001 - CONTROL NUMBER

  • control field: 4664

003 - CONTROL NUMBER IDENTIFIER

  • control field: OSt

005 - DATE AND TIME OF LATEST TRANSACTION

  • control field: 20171212152314.0

008 - FIXED-LENGTH DATA ELEMENTS

  • fixed length control field: 171212|| aca||aabn | a|a d

040 ## - CATALOGING SOURCE

  • Original cataloging agency: OSt
  • Transcribing agency: OSt

100 ## - HEADING--PERSONAL NAME

  • Personal name: Guha Ramchandra

670 ## - SOURCE DATA FOUND

  • Source citation: Work cat.: (OSt): Guha Ramchandra, Gandhi Before India, 2013

Powered by Koha